[Event "SVK-chT2D 2223"]
[Site "Slovakia"]
[Date "2022.11.26"]
[Round "5.2"]
[White "Balazs, Ladislav"]
[Black "Sepesi, Samuel"]
[Result "1-0"]
[WhiteElo "2045"]
[BlackElo "2116"]
[PlyCount "69"]
[EventDate "2022.10.08"]
[EventType "team-tourn"]
[EventRounds "11"]
[EventCountry "SVK"]
[SourceTitle "EXT 2024"]
[Source "ChessBase"]
[SourceDate "2023.10.10"]
[SourceVersion "1"]
[SourceVersionDate "2023.10.10"]
[SourceQuality "1"]
[WhiteTeam "Moldava nad Bodvou"]
[BlackTeam "Kosice 1 CC"]
[WhiteTeamCountry "SVK"]
[BlackTeamCountry "SVK"]

1. c4 c5 2. g3 g6 3. Bg2 Bg7 4. Nc3 Nc6 5. Nf3 Nh6 6. 0-0 Nf5 7. a3 0-0 8. Rb1 d6 9. e3 Rb8 10. Qc2 b6 11. b4 Bb7 12. b5 Na5 13. d3 e6 14. e4 Ne7 15. Bd2 f5 16. Ne2 fxe4 17. dxe4 d5 18. exd5 exd5 19. Bxa5 d4 20. Nf4 Rxf4 21. gxf4 bxa5 22. Rfe1 Nf5 23. Qe2 Bxf3 24. Qxf3 Kh8 25. Bh3 Nh4 26. Qc6 Qf6 27. Re8+ Rxe8 28. Qxe8+ Bf8 29. Qe4 Bd6 30. b6 axb6 31. Rxb6 Qxf4 32. Qxf4 Bxf4 33. Bg4 Kg7 34. Rb5 d3 35. Rxc5 1-0

[Event "SVK-chT2D 2223"]
[Site "Slovakia"]
[Date "2022.10.09"]
[Round "2.3"]
[White "Hotak, Marian"]
[Black "Balazs, Ladislav"]
[Result "0-1"]
[WhiteElo "2019"]
[BlackElo "2031"]
[PlyCount "88"]
[EventDate "2022.10.08"]
[EventType "team-tourn"]
[EventRounds "11"]
[EventCountry "SVK"]
[SourceTitle "EXT 2024"]
[Source "ChessBase"]
[SourceDate "2023.10.10"]
[SourceVersion "1"]
[SourceVersionDate "2023.10.10"]
[SourceQuality "1"]
[WhiteTeam "Spisska Nova Ves"]
[BlackTeam "Moldava nad Bodvou"]
[WhiteTeamCountry "SVK"]
[BlackTeamCountry "SVK"]

1. e4 c5 2. Nf3 Nc6 3. b4 cxb4 4. d4 g6 5. a3 Bg7 6. axb4 Nxb4 7. Ba3 Nc6 8. Bc4 e6 9. e5 b5 10. Be2 b4 11. Bb2 Nge7 12. c4 d5 13. c5 0-0 14. h4 f6 15. h5 a5 16. Nbd2 Ba6 17. exf6 Bxf6 18. Bxa6 Rxa6 19. Qe2 Qc8 20. Ne5 Bxe5 21. dxe5 a4 22. Nf3 a3 23. Bc1 b3 24. Rxa3 Rxa3 25. Bxa3 Qa8 26. Bb2 Qa5+ 27. Qd2 Qxc5 28. hxg6 Nxg6 29. Qh6 Rf7 30. 0-0 Nf4 31. Ra1 Qf8 32. Qxf8+ Rxf8 33. Ra6 Nb4 34. Rb6 Nfd3 35. Ba3 Rf4 36. Nd2 b2 37. Rb8+ Kg7 38. f3 Rf8 39. Rxf8 Kxf8 40. Kf1 Kf7 41. Nb1 Nc2 42. Bd6 Nd4 43. Nd2 Kg6 44. Nb1 Kf5 0-1

[Event "SVK-ch Amateur"]
[Site "Topolcany"]
[Date "2020.07.12"]
[Round "4"]
[White "Balazs, Ladislav"]
[Black "Salgovic, Simon"]
[Result "1/2-1/2"]
[WhiteElo "2088"]
[BlackElo "1877"]
[PlyCount "87"]
[EventDate "2020.07.10"]
[EventType "swiss"]
[EventRounds "7"]
[EventCountry "SVK"]
[SourceTitle "EXT 2021"]
[Source "ChessBase"]
[SourceDate "2020.10.23"]
[SourceVersion "1"]
[SourceVersionDate "2020.10.23"]
[SourceQuality "1"]

1. e4 d5 2. d4 dxe4 3. Nc3 Nf6 4. f3 exf3 5. Qxf3 c6 6. Bg5 e6 7. 0-0-0 Be7 8. Kb1 Nd5 9. Bxe7 Nxe7 10. Bd3 Nd7 11. Ne4 Qc7 12. Rf1 Rf8 13. c4 f5 14. Ng5 Nf6 15. Re1 h6 16. Nxe6 Bxe6 17. Rxe6 0-0-0 18. Bxf5 Nxf5 19. Qxf5 Kb8 20. Nf3 Nd5 21. Qg4 Nf4 22. Re3 g5 23. Rhe1 Qf7 24. c5 Qh7+ 25. Ka1 Nd5 26. Rb3 Rde8 27. Qg3+ Ka8 28. Ne5 Rf4 29. Nf3 Ree4 30. h3 Qe7 31. Rxe4 Qxe4 32. Qf2 h5 33. Qd2 g4 34. hxg4 hxg4 35. Nh2 Qxd4 36. Qc1 Rf2 37. Qe1 Rf8 38. a3 Qf4 39. g3 Qc4 40. Qd1 Rf2 41. Re3 a6 42. Re8+ Ka7 43. Rh8 Nc3 44. Ra8+ 1/2-1/2

[Event "SVK-ch Amateur"]
[Site "Topolcany"]
[Date "2020.07.12"]
[Round "5"]
[White "Moravcik, Rastislav"]
[Black "Balazs, Ladislav"]
[Result "0-1"]
[WhiteElo "1916"]
[BlackElo "2088"]
[PlyCount "88"]
[EventDate "2020.07.10"]
[EventType "swiss"]
[EventRounds "7"]
[EventCountry "SVK"]
[SourceTitle "EXT 2021"]
[Source "ChessBase"]
[SourceDate "2020.10.23"]
[SourceVersion "1"]
[SourceVersionDate "2020.10.23"]
[SourceQuality "1"]

1. Nf3 g6 2. g3 Bg7 3. Bg2 e5 4. d3 d5 5. 0-0 h6 6. c4 Ne7 7. Nc3 d4 8. Ne4 0-0 9. b4 f5 10. Nc5 g5 11. Rb1 Ng6 12. e3 g4 13. Ne1 c6 14. f4 dxe3 15. Bxe3 exf4 16. Bxf4 Nxf4 17. Rxf4 Be5 18. Rf1 a5 19. Nb3 Bd4+ 20. Nxd4 Qxd4+ 21. Kh1 axb4 22. Qd2 Qd6 23. Rxb4 Rxa2 24. Qxa2 Qxb4 25. d4 Qc3 26. d5 Re8 27. Qc2 Qxc2 28. Nxc2 c5 29. Rb1 Nd7 30. Kg1 Re2 31. Ne1 Ne5 32. Kf1 Rd2 33. Rb5 Nxc4 34. Rxc5 Ne3+ 35. Kg1 Bd7 36. Rc7 Ba4 37. Rxb7 Re2 38. Rb1 Bd1 39. Rxd1 Nxd1 40. Nd3 Rd2 41. Nf4 Ne3 42. Bf1 Rd1 43. Kf2 Nxf1 44. Ke2 Ra1 0-1

[Event "SVK-ch rapid"]
[Site "Topolcany"]
[Date "2020.07.11"]
[Round "5"]
[White "Balazs, Ladislav"]
[Black "Redzisz, Michal"]
[Result "1-0"]
[WhiteElo "2058"]
[BlackElo "1908"]
[PlyCount "84"]
[EventDate "2020.07.11"]
[EventType "swiss (rapid)"]
[EventRounds "9"]
[EventCountry "SVK"]
[SourceTitle "CBM 197 Extra"]
[Source "ChessBase"]
[SourceDate "2020.09.30"]
[SourceVersion "1"]
[SourceVersionDate "2020.09.30"]
[SourceQuality "1"]

1. e4 c5 2. Nf3 d6 3. Bb5+ Bd7 4. Bxd7+ Qxd7 5. 0-0 Nf6 6. Re1 Nc6 7. c3 e6 8. d4 cxd4 9. cxd4 d5 10. e5 Ne4 11. Nbd2 Nxd2 12. Bxd2 Be7 13. Rc1 0-0 14. Rc3 Rfc8 15. a3 b5 16. Rd3 b4 17. h4 Rab8 18. Ng5 Bf8 19. Qh5 h6 20. Nh3 bxa3 21. bxa3 Rb2 22. Ree3 g6 23. Rg3 Bg7 24. Qf3 Ne7 25. h5 Nf5 26. hxg6 Rcc2 27. gxf7+ Qxf7 28. Bf4 Nxg3 29. Qxg3 Kh7 30. Rf3 Qg6 31. Qh4 Re2 32. Rg3 Qf5 33. Qe7 Qf8 34. Qxe6 Rb1+ 35. Kh2 Ree1 36. Qg6+ Kh8 37. Rg4 Rh1+ 38. Kg3 Rb3+ 39. f3 Rb2 40. Rh4 Re1 41. Bxh6 Ree2 42. Bxg7+ Kg8 1-0

[Event "SVK-chT1E 1920"]
[Site "Slovakia"]
[Date "2020.06.21"]
[Round "11.2"]
[White "Cech, Dominik"]
[Black "Balazs, Ladislav"]
[Result "1-0"]
[WhiteElo "2123"]
[BlackElo "2088"]
[PlyCount "53"]
[EventDate "2019.10.12"]
[EventType "team-tourn"]
[EventRounds "11"]
[EventCountry "SVK"]
[SourceTitle "EXT 2022"]
[Source "ChessBase"]
[SourceDate "2021.10.06"]
[SourceVersion "1"]
[SourceVersionDate "2021.10.06"]
[SourceQuality "1"]
[WhiteTeam "Michalovce Zemplin"]
[BlackTeam "Kosice 1 CC"]
[WhiteTeamCountry "SVK"]
[BlackTeamCountry "SVK"]

1. e4 e6 2. d4 d5 3. Nc3 Nf6 4. Bg5 dxe4 5. Nxe4 Be7 6. Bxf6 gxf6 7. Nf3 b6 8. Bd3 Bb7 9. Qe2 Rg8 10. 0-0-0 f5 11. Ng3 Qd6 12. Rhe1 Qf4+ 13. Kb1 Bxf3 14. gxf3 Rg5 15. d5 e5 16. Qxe5 Qxe5 17. Rxe5 f4 18. Nf5 Rxf5 19. Rxf5 Bd6 20. Bb5+ Kf8 21. Re1 a6 22. Re8+ Kg7 23. Bd3 h6 24. Rh5 f6 25. Rh4 Kf7 26. Rc8 c5 27. Rxh6 1-0

[Event "SVK-chT1E 1920"]
[Site "Slovakia"]
[Date "2019.12.08"]
[Round "6.2"]
[White "Balazs, Ladislav"]
[Black "Toth, Ervin"]
[Result "0-1"]
[WhiteElo "2092"]
[BlackElo "2450"]
[PlyCount "132"]
[EventDate "2019.10.12"]
[EventType "team-tourn"]
[EventRounds "11"]
[EventCountry "SVK"]
[SourceTitle "CBM 194 Extra"]
[Source "ChessBase"]
[SourceDate "2020.03.31"]
[SourceVersion "1"]
[SourceVersionDate "2020.03.31"]
[SourceQuality "1"]
[WhiteTeam "Kosice 1 CC"]
[BlackTeam "Cebovce"]
[WhiteTeamCountry "SVK"]
[BlackTeamCountry "SVK"]

1. d4 d6 2. e4 g6 3. Nc3 Bg7 4. Be3 c6 5. Qd2 Nd7 6. h4 h5 7. Nf3 b5 8. a3 a6 9. Ng5 Qc7 10. f4 Nh6 11. Bd3 Nb6 12. e5 Bf5 13. b3 d5 14. a4 b4 15. Ne2 Bxd3 16. Qxd3 e6 17. Rc1 Nf5 18. Bf2 Bf8 19. c3 bxc3 20. Qxc3 Rc8 21. 0-0 Qb7 22. Rc2 Nd7 23. Qd3 Rc7 24. Rfc1 Ba3 25. Ra1 Bb4 26. Nf3 Ke7 27. Rac1 Rhc8 28. Kh2 Rb8 29. Ng3 Nh6 30. Kh1 Ba3 31. Ra1 Bb4 32. Ng5 c5 33. Rac1 Rbc8 34. dxc5 Bxc5 35. Bxc5+ Rxc5 36. Rxc5 Rxc5 37. Rxc5 Nxc5 38. Qc3 Nxb3 39. Ne2 Ng4 40. Nf3 Qb6 41. Qb2 Nf2+ 42. Kh2 Nd3 43. Qb1 Ndc5 44. Ned4 Qb7 45. Qc2 Kd7 46. Ng5 Qb4 47. Nxb3 Nxb3 48. Qf2 Qd4 49. Qxd4 Nxd4 50. Nxf7 Ne2 51. g3 Nc3 52. a5 d4 53. Nd6 d3 54. Nc4 Ne4 55. Nb2 d2 56. Nd1 Kc6 57. Kg2 Kd5 58. Kf3 Kd4 59. Ke2 Nc3+ 60. Kxd2 Nxd1 61. Kxd1 Ke3 62. Kc2 Kf3 63. Kd3 Kxg3 64. Kd4 Kxh4 65. Kc5 Kg4 66. Kd6 Kf5 0-1

[Event "Bratislava Doprastav op"]
[Site "Bratislava"]
[Date "2019.04.21"]
[Round "7"]
[White "Sahidi, Samir"]
[Black "Balazs, Ladislav"]
[Result "1-0"]
[WhiteElo "2394"]
[BlackElo "2088"]
[PlyCount "99"]
[EventDate "2019.04.18"]
[EventType "swiss"]
[EventRounds "7"]
[EventCountry "SVK"]
[SourceTitle "CBM 189 Extra"]
[Source "ChessBase"]
[SourceDate "2019.06.03"]
[SourceVersion "1"]
[SourceVersionDate "2019.06.03"]
[SourceQuality "1"]

1. d4 Nf6 2. Nf3 c5 3. d5 e6 4. dxe6 fxe6 5. g3 Nc6 6. Bg2 d5 7. 0-0 Bd6 8. c4 d4 9. Bg5 0-0 10. Nbd2 e5 11. Qb1 h6 12. Bxf6 Qxf6 13. Ne4 Qd8 14. a3 a5 15. Nh4 Be6 16. Nd2 Be7 17. Ng6 Bf5 18. Bd5+ Qxd5 19. cxd5 Bxb1 20. Nxf8 Bf5 21. dxc6 Rxf8 22. cxb7 Rb8 23. Nc4 Rxb7 24. Nxe5 Rxb2 25. Rfe1 a4 26. e3 Bf6 27. exd4 cxd4 28. Rad1 Bh3 29. Nc4 Rb3 30. Nd2 Rxa3 31. Ne4 d3 32. Nxf6+ gxf6 33. Rd2 Bg4 34. f4 Be2 35. Kf2 Kf7 36. Rc1 h5 37. Rb2 Bg4 38. Ke1 Ke6 39. Kd2 Be2 40. Rc5 Kd6 41. Ra5 Ra1 42. Rb6+ Kc7 43. Rxf6 Ra2+ 44. Ke3 Kb7 45. Rg5 Rc2 46. Rg7+ Rc7 47. Rxc7+ Kxc7 48. Ra6 d2 49. Kxe2 d1Q+ 50. Kxd1 1-0

[Event "SVK-chT1E 1819"]
[Site "Slovakia"]
[Date "2018.11.24"]
[Round "3.3"]
[White "Pechac, Jergus"]
[Black "Balazs, Ladislav"]
[Result "1-0"]
[WhiteElo "2470"]
[BlackElo "2091"]
[PlyCount "75"]
[EventDate "2018.10.27"]
[EventType "team-tourn"]
[EventRounds "11"]
[EventCountry "SVK"]
[SourceTitle "CBM 188 Extra"]
[Source "ChessBase"]
[SourceDate "2019.02.26"]
[SourceVersion "1"]
[SourceVersionDate "2019.02.26"]
[SourceQuality "1"]
[WhiteTeam "Kysucke Nove Mesto"]
[BlackTeam "Kosice 1 CC"]
[WhiteTeamCountry "SVK"]
[BlackTeamCountry "SVK"]

1. d4 d5 2. c4 c6 3. Nc3 dxc4 4. e3 Nf6 5. Bxc4 e6 6. Nf3 Be7 7. 0-0 Nbd7 8. e4 b5 9. Bd3 b4 10. Na4 Qa5 11. b3 Ba6 12. Bg5 h6 13. Bh4 Bxd3 14. Qxd3 g5 15. Bg3 Qb5 16. Qc2 0-0 17. Rad1 Rac8 18. Nb2 Rfd8 19. Nc4 Nb6 20. h4 Nh5 21. Bh2 c5 22. d5 exd5 23. exd5 Nxd5 24. hxg5 Ndf4 25. Qf5 Ne2+ 26. Kh1 Ng7 27. Qe5 Rxd1 28. Rxd1 Nc3 29. gxh6 Ne6 30. Re1 Bf8 31. Qh5 Qe8 32. Be5 f6 33. h7+ Kh8 34. Bxf6+ Bg7 35. Bxg7+ Kxg7 36. Qg4+ Kf6 37. Nd6 Qd7 38. Rxe6+ 1-0

[Event "SVK-chT1E 1819"]
[Site "Slovakia"]
[Date "2018.10.27"]
[Round "1.5"]
[White "Balazs, Ladislav"]
[Black "Panko, Radoslav"]
[Result "1-0"]
[WhiteElo "2091"]
[BlackElo "1978"]
[PlyCount "89"]
[EventDate "2018.10.27"]
[EventType "team-tourn"]
[EventRounds "11"]
[EventCountry "SVK"]
[SourceTitle "CBM 187 Extra"]
[Source "ChessBase"]
[SourceDate "2018.11.04"]
[SourceVersion "1"]
[SourceVersionDate "2018.11.04"]
[SourceQuality "1"]
[WhiteTeam "Kosice 1 CC"]
[BlackTeam "Bardejov"]
[WhiteTeamCountry "SVK"]
[BlackTeamCountry "SVK"]

1. d4 Nf6 2. Nf3 c6 3. e3 d5 4. Bd3 Bg4 5. h3 Bh5 6. 0-0 Nbd7 7. Nbd2 e6 8. Re1 Ne4 9. Nxe4 dxe4 10. Bxe4 g5 11. Bd3 Qf6 12. g4 Bg6 13. e4 h6 14. Bd2 Qe7 15. b4 Bg7 16. Rb1 e5 17. b5 c5 18. d5 Nb6 19. c4 f6 20. a4 Qd7 21. a5 Nc8 22. Bc2 Kf7 23. Nh2 h5 24. Qf3 Kg8 25. Kg2 Nd6 26. Bd3 h4 27. Nf1 Ne8 28. Ne3 Bf8 29. Ra1 Bd6 30. Bc2 Be7 31. Nf5 Bxf5 32. exf5 Nd6 33. Qe2 Nf7 34. d6 Qxd6 35. Red1 Qc7 36. Be4 Rb8 37. Be3 Kg7 38. b6 axb6 39. axb6 Qxb6 40. Rd7 Bd8 41. Rb1 Qa7 42. Bd5 Rf8 43. Rb5 Bb6 44. Qb2 Rbd8 45. Rxb7 1-0

[Event "Puspokladany Arnoth Memorial 11th"]
[Site "Puspokladany"]
[Date "2018.07.28"]
[Round "7"]
[White "Keseru, Tibor"]
[Black "Balazs, Ladislav"]
[Result "0-1"]
[WhiteElo "1899"]
[BlackElo "2075"]
[PlyCount "114"]
[EventDate "2018.07.25"]
[EventType "swiss"]
[EventRounds "9"]
[EventCountry "HUN"]
[SourceTitle "CBM 186 Extra"]
[Source "ChessBase"]
[SourceDate "2018.08.24"]
[SourceVersion "1"]
[SourceVersionDate "2018.08.24"]
[SourceQuality "1"]

1. e4 g6 2. h4 Bg7 3. h5 c6 4. hxg6 hxg6 5. Rxh8 Bxh8 6. Nc3 d5 7. exd5 cxd5 8. d4 Nc6 9. Bb5 a6 10. Bxc6+ bxc6 11. Be3 Nf6 12. f3 Rb8 13. Rb1 Qa5 14. Nge2 Nd7 15. Kf2 Bg7 16. Qh1 Nf8 17. Bh6 Bf6 18. a3 Bf5 19. Qd1 Qc7 20. Bf4 e5 21. dxe5 Bxe5 22. Bxe5 Qxe5 23. Nd4 Kd7 24. Qd2 Ne6 25. Nxe6 Bxe6 26. Re1 Qh2 27. b4 Qh4+ 28. Kg1 Rh8 29. Ne4 Ke7 30. Qg5+ Qxg5 31. Nxg5 Kf6 32. f4 a5 33. c3 Ra8 34. Re3 axb4 35. axb4 Ra2 36. Kh2 Rd2 37. Nf3 Ra2 38. Kg3 Ra8 39. Nd4 Rc8 40. Nb3 Ke7 41. Nd4 Kd6 42. Kf3 Rh8 43. Kg3 Rh1 44. Nf3 Bf5 45. Ng5 f6 46. Nf3 Rd1 47. Kf2 Be4 48. Ke2 Rc1 49. Ne1 Kc7 50. g4 Kb6 51. Kf2 Kb5 52. Nf3 Rc2+ 53. Kg3 Kc4 54. Nd4 Rxc3 55. Rxc3+ Kxc3 56. Nxc6 d4 57. b5 d3 0-1

[Event "SVK-chT2D 1718"]
[Site "Slovakia"]
[Date "2018.02.24"]
[Round "8.1"]
[White "Balazs, Ladislav"]
[Black "Krak, Tomas"]
[Result "1/2-1/2"]
[WhiteElo "2125"]
[BlackElo "2266"]
[PlyCount "35"]
[EventDate "2017.10.28"]
[EventType "team-tourn"]
[EventRounds "11"]
[EventCountry "SVK"]
[SourceTitle "EXT 2019"]
[Source "ChessBase"]
[SourceDate "2018.10.10"]
[SourceVersion "1"]
[SourceVersionDate "2018.10.10"]
[SourceQuality "1"]
[WhiteTeam "Moldava nad Bodvou"]
[BlackTeam "Humenne Reinter"]
[WhiteTeamCountry "SVK"]
[BlackTeamCountry "SVK"]

1. d4 c5 2. e3 Nf6 3. Nf3 e6 4. Bd3 b6 5. 0-0 Bb7 6. Nbd2 Be7 7. c3 0-0 8. Qe2 Nc6 9. e4 cxd4 10. cxd4 Nb4 11. Bb5 a6 12. Ba4 b5 13. Bb3 a5 14. e5 Nfd5 15. Ne4 f5 16. exf6 Nxf6 17. Nxf6+ Bxf6 18. Ne5 1/2-1/2

[Event "SVK-chT2D 1718"]
[Site "Slovakia"]
[Date "2018.01.13"]
[Round "5.1"]
[White "Zambor, Norbert"]
[Black "Balazs, Ladislav"]
[Result "1-0"]
[WhiteElo "2252"]
[BlackElo "2125"]
[PlyCount "81"]
[EventDate "2017.10.28"]
[EventType "team-tourn"]
[EventRounds "11"]
[EventCountry "SVK"]
[SourceTitle "EXT 2019"]
[Source "ChessBase"]
[SourceDate "2018.10.10"]
[SourceVersion "1"]
[SourceVersionDate "2018.10.10"]
[SourceQuality "1"]
[WhiteTeam "Kosice 1 CC"]
[BlackTeam "Moldava nad Bodvou"]
[WhiteTeamCountry "SVK"]
[BlackTeamCountry "SVK"]

1. e4 d5 2. exd5 Qxd5 3. Nc3 Qd6 4. d4 Nf6 5. Nge2 a6 6. Bf4 Qd8 7. g3 g6 8. Bg2 Bg7 9. Qd2 h6 10. h3 Nbd7 11. 0-0-0 Rb8 12. d5 Nb6 13. Rhe1 Nc4 14. Qd3 Nd6 15. Nd4 0-0 16. g4 Bd7 17. Be5 b5 18. Nc6 Bxc6 19. dxc6 b4 20. Nd5 Nxd5 21. Bxd5 e6 22. Bb3 Bxe5 23. Rxe5 Qf6 24. Qe3 Rbd8 25. f4 Nc8 26. Rg1 Ne7 27. g5 Qg7 28. gxh6 Qxh6 29. Bxe6 Nxc6 30. Rxg6+ Qxg6 31. Rg5 Ne7 32. Bc4 Kh7 33. Rxg6 Nxg6 34. f5 Nh8 35. b3 Rfe8 36. Qg3 Kh6 37. Bxf7 Rf8 38. Be6 c5 39. h4 c4 40. Qg5+ Kh7 41. f6 1-0

[Event "EU-ch blitz"]
[Site "Katowice"]
[Date "2017.12.15"]
[Round "5"]
[White "Balazs, Ladislav"]
[Black "Bartel, Michal"]
[Result "0-1"]
[WhiteElo "2110"]
[BlackElo "2360"]
[PlyCount "112"]
[EventDate "2017.12.15"]
[EventType "swiss (blitz)"]
[EventRounds "22"]
[EventCountry "POL"]
[SourceTitle "CBM 182 Extra"]
[Source "ChessBase"]
[SourceDate "2018.02.23"]
[SourceVersion "1"]
[SourceVersionDate "2018.02.23"]
[SourceQuality "1"]

1. e4 e5 2. Nf3 Nc6 3. Bc4 Nf6 4. d3 h6 5. 0-0 g6 6. c3 Bg7 7. Re1 d6 8. d4 0-0 9. h3 Qe7 10. Nbd2 Bd7 11. Nf1 Rad8 12. Qc2 Bc8 13. Ng3 Rfe8 14. Bd2 Qf8 15. Rad1 Kh7 16. b4 a6 17. a4 exd4 18. cxd4 d5 19. exd5 Nxb4 20. Bxb4 Qxb4 21. Rxe8 Nxe8 22. Ne5 Nd6 23. Bd3 Kg8 24. Qxc7 Rf8 25. Nf3 Qxa4 26. Re1 Qd7 27. Qc5 Re8 28. Ne5 Qd8 29. Re3 h5 30. Nf1 Nf5 31. Bxf5 Bxf5 32. Nd2 Bh6 33. Re2 Bd3 34. Re1 Bxd2 35. Rd1 b6 36. Qa3 Qxd5 37. Qxd3 Rxe5 38. Qxd2 Re6 39. Qd3 b5 40. Qc3 Rc6 41. Qg3 Rc8 42. Qe3 Rd8 43. g3 a5 44. Kh2 b4 45. Rc1 Qxd4 46. Rc8 Qd7 47. Rc5 a4 48. Re5 b3 49. Re7 Qd5 50. Qc1 Qd2 51. Qc5 Qd6 52. Qa7 Qf6 53. Re2 b2 54. Qb7 a3 55. Qb3 Qd6 56. h4 Rb8 0-1

[Event "EU-ch blitz"]
[Site "Katowice"]
[Date "2017.12.15"]
[Round "10"]
[White "Boe, Mads"]
[Black "Balazs, Ladislav"]
[Result "0-1"]
[WhiteElo "2292"]
[BlackElo "2110"]
[PlyCount "77"]
[EventDate "2017.12.15"]
[EventType "swiss (blitz)"]
[EventRounds "22"]
[EventCountry "POL"]
[SourceTitle "CBM 182 Extra"]
[Source "ChessBase"]
[SourceDate "2018.02.23"]
[SourceVersion "1"]
[SourceVersionDate "2018.02.23"]
[SourceQuality "1"]

1. d4 Nf6 2. Nf3 c5 3. c3 d5 4. Bf4 Nc6 5. e3 e6 6. Bd3 Nh5 7. Bg5 Be7 8. Bxe7 Qxe7 9. Ne5 Nf6 10. f4 cxd4 11. cxd4 Bd7 12. Nc3 a6 13. Rc1 0-0 14. 0-0 b5 15. Ne2 Nb4 16. Bb1 Rfc8 17. a3 Nc6 18. Nd3 Na5 19. Ba2 Nc4 20. Bxc4 dxc4 21. Nc5 Bc6 22. Nc3 a5 23. Qe2 Rd8 24. a4 b4 25. Nb5 Bxb5 26. axb5 Nd5 27. Rxc4 Rdb8 28. Rcc1 a4 29. e4 Nc7 30. Na6 Nxa6 31. bxa6 Qd6 32. f5 Qxd4+ 33. Kh1 exf5 34. exf5 Qf6 35. Rc7 Qxa6 36. Qxa6 Rxa6 37. g4 a3 38. bxa3 bxa3 39. Re1 0-1

[Event "EU-ch blitz"]
[Site "Katowice"]
[Date "2017.12.15"]
[Round "11"]
[White "Jakubowski, Krzysztof"]
[Black "Balazs, Ladislav"]
[Result "1-0"]
[WhiteElo "2526"]
[BlackElo "2110"]
[PlyCount "93"]
[EventDate "2017.12.15"]
[EventType "swiss (blitz)"]
[EventRounds "22"]
[EventCountry "POL"]
[SourceTitle "CBM 182 Extra"]
[Source "ChessBase"]
[SourceDate "2018.02.23"]
[SourceVersion "1"]
[SourceVersionDate "2018.02.23"]
[SourceQuality "1"]

1. c4 b6 2. d4 Bb7 3. Nc3 e6 4. Nf3 Nf6 5. a3 Be7 6. e3 0-0 7. b4 d5 8. c5 a5 9. Bd2 Nbd7 10. Be2 Ne4 11. 0-0 f5 12. Qc2 bxc5 13. bxc5 c6 14. Rab1 Ba6 15. Bxa6 Rxa6 16. Rb7 Ra8 17. Rfb1 g5 18. Qa4 Qc8 19. Nxe4 fxe4 20. Ne1 Bxc5 21. dxc5 Nxc5 22. Qd4 Nxb7 23. Bc3 Qd7 24. Rxb7 Qxb7 25. Qh8+ Kf7 26. Qg7+ Ke8 27. Qxb7 Rd8 28. Bxa5 Rf7 29. Qxc6+ Rdd7 30. Qc8+ Ke7 31. Bb4+ Kf6 32. Bc3+ Kf5 33. h3 Rc7 34. Qg8 h5 35. Ba5 Rcd7 36. a4 e5 37. Qc8 d4 38. exd4 exd4 39. Bd2 Kg6 40. a5 e3 41. fxe3 dxe3 42. Bxe3 Rde7 43. Qc2+ Kh6 44. Qc6+ Kh7 45. Bd2 Re2 46. Qc2+ Kg8 47. a6 1-0